[Event "U.S. Championship"]
[Site "Saint Louis USA"]
[Date "2022.10.08"]
[EventDate "2022.10.05"]
[Round "4.5"]
[Result "0-1"]
[White "Hans Moke Niemann"]
[Black "Fabiano Caruana"]
[WhiteElo "2699"]
[BlackElo "2763"]
[PlyCount "160"]

1. d4 Nf6 2. c4 e6 3. Nc3 Bb4 4. Qc2 O-O 5. a3 Bxc3+ 6. Qxc3 d5 7. Bg5 h6 8.
Bxf6 Qxf6 9. Nf3 dxc4 10. Qxc4 Nc6 11. Qc3 Re8 12. Rd1 e5 13. d5 Nb8 14. e3 Bf5
15. Be2 Nd7 16. O-O Rac8 17. a4 c6 18. d6 Rcd8 19. a5 Bg4 20. h3 Bxf3 21. gxf3
Nf8 22. Qb4 Rd7 23. Rd2 Ng6 24. Rfd1 Nh4 25. Qg4 Re6 26. Kf1 Nf5 27. a6 bxa6 28.
Bxa6 Rdxd6 29. Rxd6 Nxd6 30. Bd3 g6 31. h4 h5 32. Qg3 Kg7 33. e4 Qe7 34. Qg5 Qb7
35. Qc1 Qb4 36. Qd2 Qxd2 37. Rxd2 Kf6 38. b4 g5 39. Ra2 Nc8 40. Ba6 Nd6 41. Be2
Nc8 42. f4 gxh4 43. Bxh5 Nd6 44. Rxa7 exf4 45. f3 Re5 46. Bg4 Nc4 47. Kg2 Rb5
48. Ra4 Ne5 49. Kh3 Kg5 50. Ra8 Rxb4 51. Rh8 Kf6 52. Rh5 Rb5 53. Rf5+ Ke7 54.
Bh5 Ng6 55. Bxg6 fxg6 56. Rxf4 g5 57. Rg4 Kf6 58. f4 Rb3+ 59. Kh2 Rb2+ 60. Kh3
Rb3+ 61. Kh2 gxf4 62. Rxf4+ Ke5 63. Rxh4 Re3 64. Rh6 Rc3 65. Kg2 Kxe4 66. Rd6
Ke3 67. Re6+ Kd2 68. Rd6+ Kc2 69. Kf2 c5 70. Rc6 Kd2 71. Rc8 c4 72. Rc7 Rc2 73.
Rd7+ Kc3+ 74. Ke1 Rh2 75. Kd1 Rh1+ 76. Ke2 Kc2 77. Rd2+ Kb3 78. Rd8 c3 79. Rb8+
Kc2 80. Ra8 Rh7 0-1

[Event "U.S. Championship"]
[Site "Saint Louis USA"]
[Date "2022.10.08"]
[EventDate "2022.10.05"]
[Round "4.3"]
[Result "1/2-1/2"]
[White "Elshan Moradiabadi"]
[Black "Jeffery Xiong"]
[WhiteElo "2534"]
[BlackElo "2690"]
[PlyCount "78"]

1. e4 c5 2. Nf3 Nc6 3. Bb5 Nf6 4. e5 Nd5 5. Nc3 Nc7 6. a4 g6 7. O-O Bg7 8. Re1
O-O 9. d3 d6 10. exd6 exd6 11. Bg5 f6 12. Be3 Nxb5 13. axb5 Nb4 14. Ne4 Nd5 15.
Bd2 f5 16. Nc3 Nf6 17. Qc1 b6 18. Bh6 Bxh6 19. Qxh6 Bb7 20. Nd2 Qd7 21. Qh4 Kg7
22. f3 Bd5 23. Nc4 Rae8 24. Qf4 Rxe1+ 25. Rxe1 Re8 26. Ra1 Bxc4 27. dxc4 Re7 28.
Rd1 Qe6 29. h3 Rd7 30. Nd5 Nxd5 31. Rxd5 Qe1+ 32. Kh2 Qb1 33. Rxd6 Rxd6 34. Qxd6
Qxc2 35. Qe7+ Kg8 36. Qe6+ Kg7 37. Qe7+ Kg8 38. Qe6+ Kg7 39. Qe7+ Kg8 1/2-1/2

[Event "U.S. Championship"]
[Site "Saint Louis USA"]
[Date "2022.10.08"]
[EventDate "2022.10.05"]
[Round "4.2"]
[Result "1-0"]
[White "Aleksandr Lenderman"]
[Black "Christopher Woojin Yoo"]
[WhiteElo "2535"]
[BlackElo "2563"]
[PlyCount "140"]

1. d4 Nf6 2. c4 e6 3. g3 d5 4. Bg2 dxc4 5. Nf3 a6 6. Ne5 Bb4+ 7. Nc3 Nd5 8. O-O
O-O 9. Ne4 b5 10. b3 c3 11. a3 Be7 12. Qe1 b4 13. axb4 f6 14. Nd3 Nc6 15. e3
Bxb4 16. Ba3 Rb8 17. Nxb4 Ncxb4 18. Bxb4 Rxb4 19. Nc5 e5 20. dxe5 Rb5 21. Na4 c2
22. Nc3 Rc5 23. Nxd5 Rxd5 24. Qc3 Rxe5 25. Qxc2 c5 26. Rfd1 Qb6 27. Rd5 Be6 28.
Rxe5 fxe5 29. Rb1 Rb8 30. Be4 h6 31. Qc3 Qd6 32. Bf3 Kh8 33. Rd1 Qc7 34. Bd5 Rd8
35. e4 Qf7 36. Qd3 a5 37. h4 Qf6 38. Qc3 Bh3 39. Rd2 Rf8 40. Kh2 Bg4 41. Qxc5 g5
42. hxg5 hxg5 43. Bc4 Rc8 44. Qxa5 Bf3 45. Kg1 g4 46. Rd5 Re8 47. Qd2 Bxe4 48.
Rd6 Qg7 49. Rd8 Bc6 50. Rxe8+ Bxe8 51. Qd8 Qd7 52. Qh4+ Kg7 53. Qg5+ Kh7 54.
Qxe5 Bg6 55. Bd5 Kh6 56. b4 Qa4 57. Qh8+ Kg5 58. Qd4 Qc2 59. Kg2 Qb1 60. Bc6 Kh6
61. Qxg4 Bd3 62. Qf4+ Kg7 63. Qd4+ Kf7 64. Bd5+ Kg6 65. Kh2 Qc2 66. b5 Qe2 67.
b6 Qh5+ 68. Kg2 Qd1 69. Be4+ Bxe4+ 70. Qxe4+ 1-0

[Event "U.S. Championship"]
[Site "Saint Louis USA"]
[Date "2022.10.08"]
[EventDate "2022.10.05"]
[Round "4.1"]
[Result "1-0"]
[White "Wesley So"]
[Black "Sam Shankland"]
[WhiteElo "2774"]
[BlackElo "2712"]
[PlyCount "92"]

1. e4 c5 2. Nf3 d6 3. d4 cxd4 4. Nxd4 Nf6 5. Nc3 a6 6. Be2 e5 7. Nb3 Be7 8. O-O
O-O 9. Be3 Be6 10. Re1 Nbd7 11. a4 Qc7 12. a5 Rfc8 13. Bf3 h6 14. h3 b5 15. axb6
Nxb6 16. Na5 Rab8 17. Bc1 Nc4 18. Nxc4 Bxc4 19. Be2 Bxe2 20. Rxe2 Qb7 21. Qd3
Rc6 22. b3 Bd8 23. Kh2 Bb6 24. Nd1 Bd4 25. c3 Rbc8 26. Bd2 Ba7 27. Ra3 Bc5 28.
b4 Ba7 29. f3 Rd8 30. Be3 Bb8 31. Rea2 d5 32. Nf2 Rdc8 33. Bc5 Bd6 34. Bxd6 Rxd6
35. Rxa6 Rdd8 36. Rxf6 gxf6 37. Ng4 Kg7 38. Qd2 Rh8 39. exd5 Qc7 40. Ra3 e4+ 41.
d6 Qd7 42. Qf4 Qe6 43. fxe4 Rc4 44. Ne3 Rxe4 45. Nf5+ Kg6 46. Qg3+ 1-0

[Event "U.S. Championship"]
[Site "Saint Louis USA"]
[Date "2022.10.08"]
[EventDate "2022.10.05"]
[Round "4.4"]
[Result "1/2-1/2"]
[White "Dariusz Swiercz"]
[Black "Dominguez Perez, Leinier"]
[WhiteElo "2652"]
[BlackElo "2747"]
[PlyCount "56"]

1. c4 Nf6 2. d4 e6 3. Nc3 Bb4 4. e3 O-O 5. Bd3 c5 6. Ne2 d5 7. cxd5 cxd4 8. exd4
Nxd5 9. O-O Re8 10. Nxd5 exd5 11. Nf4 Nc6 12. Be3 Bd6 13. Qf3 Qh4 14. g3 Qg4 15.
Qxg4 Bxg4 16. Nxd5 Rad8 17. Nc3 Be5 18. Be2 Bxe2 19. Nxe2 Nxd4 20. Nxd4 Bxd4 21.
Bxd4 Rxd4 22. Rfd1 Rxd1+ 23. Rxd1 Kf8 24. Rd7 Re7 25. Rd8+ Re8 26. Rd7 Re7 27.
Rd8+ Re8 28. Rd7 1/2-1/2

[Event "U.S. Championship"]
[Site "Saint Louis USA"]
[Date "2022.10.09"]
[EventDate "2022.10.04"]
[Round "5"]
[Result "1/2-1/2"]
[White "R Robson"]
[Black "D Swiercz"]
[WhiteElo "2690"]
[BlackElo "2652"]
[PlyCount "232"]

1. d4 d5 2. c4 c6 3. Nf3 Nf6 4. e3 Bf5 5. Nh4 Bg6 6. Nxg6 hxg6 7. Nd2 e6 8.
g3 c5 9. dxc5 Bxc5 10. Bg2 Nc6 11. O-O O-O 12. cxd5 exd5 13. Nb3 Bb6 14.
Bd2 Qe7 15. Bc3 Rad8 16. Nd4 Rfe8 17. Qa4 Qd7 18. Nxc6 bxc6 19. Rad1 Qe6
20. Bd4 Ne4 21. b4 Rc8 22. Qc2 Nd6 23. a4 Nc4 24. Qc3 Bxd4 25. Rxd4 Qf6 26.
Qd3 a6 27. Rf4 Qe7 28. b5 axb5 29. axb5 g5 30. Rd4 cxb5 31. Bxd5 Rc5 32.
Bxc4 bxc4 33. Rxc4 Rxc4 34. Qxc4 Qe4 35. Qe2 g4 36. Rc1 Rb8 37. Qc4 Qf3 38.
Qf4 Qxf4 39. gxf4 f5 40. Rc5 g6 41. Rc7 Rb2 42. Kg2 Kf8 43. Kg3 Ra2 44. Rb7
Rc2 45. Rh7 Kg8 46. Ra7 Kf8 47. Rd7 Ra2 48. Rc7 Rb2 49. Rh7 Kg8 50. Ra7 Kf8
51. h4 gxh3 52. Rh7 Rb1 53. Rxh3 Kg7 54. Kg2 Ra1 55. Rh1 Ra2 56. Rb1 Kf6
57. Kg3 Rc2 58. Rb6+ Kf7 59. Kf3 Ra2 60. Rd6 Rb2 61. Kg2 Ra2 62. Kf1 Rb2
63. Ke1 Ra2 64. Rd2 Ra3 65. Ke2 Ke6 66. Rc2 Ke7 67. f3 Ra6 68. e4 Ke6 69.
Rc3 Kf6 70. e5+ Ke6 71. Kf2 Kf7 72. Rc7+ Kf8 73. Ke3 Ra4 74. Rd7 Rb4 75.
Rd4 Rb3+ 76. Kf2 Rb2+ 77. Kg3 Kg7 78. Rd7+ Kf8 79. Rd1 Re2 80. Rf1 Kf7 81.
Rf2 Re1 82. Ra2 Rg1+ 83. Kf2 Rb1 84. Ra4 Rb3 85. Rc4 Ra3 86. Ke2 Rb3 87.
Ra4 Rc3 88. Rd4 Ra3 89. Kf2 Ra2+ 90. Kg3 Re2 91. Rd6 Kg7 92. Rd7+ Kf8 93.
Kh4 Rg2 94. Ra7 Rg1 95. Ra2 Kf7 96. Re2 Rh1+ 97. Kg3 Rg1+ 98. Kf2 Ra1 99.
Re1 Ra2+ 100. Kg3 Rb2 101. Kh3 Rf2 102. Kg3 Rb2 103. Rc1 Re2 104. Rc7+ Kf8
105. Kh4 Rg2 106. e6 Rg1 107. Ra7 Rg2 108. Rf7+ Kg8 109. Rb7 Kf8 110. Rb3
Ke7 111. Re3 Rg1 112. Re2 Rf1 113. Re3 Rg1 114. Re2 Rf1 115. Re3 Rg1 116.
Re2 Rf1 1/2-1/2

[Event "U.S. Championship"]
[Site "Saint Louis USA"]
[Date "2022.10.09"]
[EventDate "2022.10.04"]
[Round "5"]
[Result "1-0"]
[White "Awonder Liang"]
[Black "L Aronian"]
[WhiteElo "2608"]
[BlackElo "2755"]
[PlyCount "64"]

1. e4 e5 2. Nf3 Nc6 3. d4 exd4 4. Bc4 Bc5 5. Ng5 Nh6 6. Nxf7 Nxf7 7. Bxf7+
Kxf7 8. Qh5+ g6 9. Qxc5 d5 10. c3 dxe4 11. O-O Re8 12. cxd4 Qxd4 13. Qg5
Nb4 14. Bd2 Qd6 15. Nc3 c6 16. Rad1 Bf5 17. g4 h6 18. Qh4 Bc8 19. Bxh6 Nd3
20. Bg5 Qe5 21. f3 Rh8 22. fxe4+ Kg8 23. Bh6 Qd4+ 24. Kh1 Be6 25. Qg5 Bf7
26. Rxf7 Rxh6 27. Rxd3 Qxd3 28. Qf6 Rxh2+ 29. Kxh2 Qd2+ 30. Kg1 Qc1+ 31.
Kf2 Qh6 32. g5 1-0

[Event "U.S. Championship"]
[Site "Saint Louis USA"]
[Date "2022.10.09"]
[EventDate "2022.10.04"]
[Round "5"]
[Result "1/2-1/2"]
[White "Dominguez Perez,L"]
[Black "Hans Moke Niemann"]
[WhiteElo "2747"]
[BlackElo "2699"]
[PlyCount "72"]

1. e4 e5 2. Nf3 Nc6 3. Bb5 Nf6 4. O-O Nxe4 5. d4 Nd6 6. Bxc6 dxc6 7. dxe5
Nf5 8. Qxd8+ Kxd8 9. h3 Bd7 10. Rd1 Be7 11. Nc3 Ke8 12. g4 Nh4 13. Nxh4
Bxh4 14. Kg2 h5 15. f3 hxg4 16. hxg4 f6 17. Bf4 f5 18. g5 Rh5 19. Ne2 Ke7
20. Rh1 Rah8 21. Rh3 Bxg5 22. Rxh5 Rxh5 23. Rh1 Bxf4 24. Rxh5 Bxe5 25. b3
c5 26. c4 a5 27. Kf2 a4 28. Ke3 axb3 29. axb3 Kf6 30. f4 Bd6 31. Nc3 Bc6
32. Rh8 b6 33. Rg8 Kf7 34. Rh8 Kf6 35. Rg8 Kf7 36. Rh8 Kf6 1/2-1/2

[Event "U.S. Championship"]
[Site "Saint Louis USA"]
[Date "2022.10.09"]
[EventDate "2022.10.04"]
[Round "5"]
[Result "1/2-1/2"]
[White "Christopher Woojin Yoo"]
[Black "Samuel Sevian"]
[WhiteElo "2563"]
[BlackElo "2684"]
[PlyCount "230"]

1. e4 e5 2. Nf3 Nc6 3. Bc4 Bc5 4. c3 Nf6 5. d4 exd4 6. e5 d5 7. Be2 Ne4 8.
cxd4 Bb6 9. Nc3 O-O 10. O-O Kh8 11. Be3 f5 12. exf6 Nxf6 13. h3 Bf5 14. Na4
Ne4 15. Rc1 Qe8 16. Bb5 Bd7 17. Bxc6 Bxc6 18. Nxb6 axb6 19. a3 Nd6 20. Bd2
Nc4 21. Bb4 Rf4 22. Re1 Qg6 23. Rc3 Re4 24. b3 Nd6 25. Ne5 Qe8 26. Rxe4
dxe4 27. Qg4 Rd8 28. Rg3 Qe7 29. Bd2 Re8 30. Qh5 Qe6 31. Rg6 Qg8 32. Rxd6
Rxe5 33. dxe5 cxd6 34. exd6 Qxb3 35. Qf5 e3 36. Qc8+ Qg8 37. Qxg8+ Kxg8 38.
Bxe3 b5 39. f3 Kf7 40. Kf2 Ke6 41. Bc5 b6 42. Bb4 Kf5 43. Kg3 Be8 44. Bc3
g6 45. Bd2 Ke5 46. Bb4 Kf5 47. Kf2 Ke5 48. Ke3 Bd7 49. Kf2 Be8 50. Ke2 Bc6
51. Kf1 Bd7 52. Kg1 Bc6 53. Kh2 Be8 54. g4 Kf4 55. Kg2 Bc6 56. Kf2 Ke5 57.
Kg3 Ke6 58. f4 h6 59. Kf2 Bd7 60. Kf3 Bc6+ 61. Ke3 Bd7 62. Ke4 Bc6+ 63. Kd4
Bd7 64. Kd3 Kd5 65. Ke3 Ke6 66. Kf3 Bc6+ 67. Kg3 Bd7 68. h4 Be8 69. Kf3
Bc6+ 70. Kf2 Bd7 71. Ke3 Bc6 72. Kd3 Bd7 73. Ke4 Bc6+ 74. Ke3 Bd7 75. Kf2
Bc6 76. Ke2 Be8 77. Ke3 Bc6 78. Kd4 Bd7 79. h5 gxh5 80. gxh5 Bc6 81. Ke3
Be8 82. Ke4 Bxh5 83. f5+ Kd7 84. Ke5 Bd1 85. Be1 h5 86. Bg3 Bb3 87. Kf6 h4
88. Be5 h3 89. Kg7 Ke8 90. f6 Be6 91. Bh2 Ba2 92. Kg6 Bf7+ 93. Kg5 Kd7 94.
Kf5 Be6+ 95. Ke5 Bf7 96. Bg3 Ba2 97. Bh2 Bf7 98. Bf4 Ba2 99. Kf5 Be6+ 100.
Kg5 Bf7 101. Kg4 Be6+ 102. Kh5 Bf7+ 103. Kh6 Be6 104. Be5 Ba2 105. Kg5 Bf7
106. Kf5 Be6+ 107. Kg6 Ke8 108. Bf4 Bf7+ 109. Kf5 Kd7 110. Be5 Be6+ 111.
Kg5 Bf7 112. Kh6 Be6 113. Kg5 Bf7 114. Kh6 Be6 115. Kg5 Bf7 1/2-1/2

[Event "U.S. Championship"]
[Site "Saint Louis USA"]
[Date "2022.10.09"]
[EventDate "2022.10.04"]
[Round "5"]
[Result "1-0"]
[White "S Shankland"]
[Black "E Moradiabadi"]
[WhiteElo "2712"]
[BlackElo "2534"]
[PlyCount "118"]

1. e4 c5 2. Nf3 a6 3. g3 Nc6 4. Bg2 g6 5. O-O Bg7 6. Re1 e5 7. Nc3 Nge7 8.
a3 d6 9. Rb1 O-O 10. b4 b5 11. d3 cxb4 12. axb4 Bg4 13. Nd5 Nxd5 14. exd5
Nd4 15. c3 Nxf3+ 16. Bxf3 Bxf3 17. Qxf3 a5 18. Ba3 axb4 19. Bxb4 f5 20. Ra1
Qd7 21. Rxa8 Rxa8 22. Qe3 Bf8 23. f4 Re8 24. Kf2 e4 25. Qd4 Bg7 26. Qe3 Qb7
27. dxe4 fxe4 28. Rd1 Qa6 29. Kg2 Qa2+ 30. Rd2 Qc4 31. Qe2 Qxe2+ 32. Rxe2
Rc8 33. Re3 Rc4 34. Kf1 Bf6 35. g4 g5 36. f5 Be5 37. Re2 e3 38. Rxe3 Bxh2
39. Kg2 Bf4 40. Re7 Be5 41. Rxe5 Rxg4+ 42. Kf3 Rxb4 43. cxb4 dxe5 44. d6
Kf7 45. Ke4 g4 46. Kd5 g3 47. d7 g2 48. d8=Q g1=Q 49. Qc7+ Kg8 50. Ke6 h6
51. Qf7+ Kh8 52. Qe8+ Kh7 53. Qd7+ Kh8 54. f6 e4 55. f7 Qg4+ 56. Ke7 Qg5+
57. Ke8 Qg6 58. Qd4+ Kh7 59. Ke7 1-0

[Event "U.S. Championship"]
[Site "Saint Louis USA"]
[Date "2022.10.09"]
[EventDate "2022.10.04"]
[Round "5"]
[Result "1/2-1/2"]
[White "Jeffery Xiong"]
[Black "A Lenderman"]
[WhiteElo "2690"]
[BlackElo "2535"]
[PlyCount "98"]

1. Nf3 d5 2. g3 c6 3. Bg2 Bg4 4. O-O Nd7 5. h3 Bh5 6. d3 Ngf6 7. Qe1 e5 8.
e4 dxe4 9. dxe4 Be7 10. Nbd2 O-O 11. Nc4 Qc7 12. Bd2 Rfe8 13. a4 Bf8 14.
Nh4 b5 15. axb5 cxb5 16. Ne3 Nb6 17. b3 Bc5 18. Nhf5 a6 19. Bb4 Bg6 20. Qc3
Nbd7 21. Rfd1 Qa7 22. Bxc5 Nxc5 23. Nd6 Ncxe4 24. Qb4 Nxd6 25. Rxd6 Rab8
26. Raxa6 Qe7 27. Qh4 Red8 28. Rxd8+ Qxd8 29. Qb4 h6 30. Ra5 Qd4 31. c4 Ne4
32. Rxb5 Rxb5 33. Qxb5 Nxf2 34. Kxf2 Qd2+ 35. Kg1 Qxe3+ 36. Kh2 e4 37. c5
Qf2 38. Qb8+ Kh7 39. Qf4 Qxc5 40. Bxe4 Bxe4 41. Qxe4+ f5 42. b4 Qb5 43. Qc2
Qxb4 44. Qxf5+ Kh8 45. Qc8+ Kh7 46. Qf5+ Kh8 47. Qc8+ Kh7 48. Qf5+ Kh8 49.
Qc8+ 1/2-1/2

[Event "U.S. Championship"]
[Site "Saint Louis USA"]
[Date "2022.10.09"]
[EventDate "2022.10.04"]
[Round "5"]
[Result "1/2-1/2"]
[White "F Caruana"]
[Black "W So"]
[WhiteElo "2763"]
[BlackElo "2774"]
[PlyCount "150"]

1. e4 e5 2. Nf3 Nc6 3. Bb5 Nf6 4. O-O Nxe4 5. Re1 Nd6 6. Nxe5 Be7 7. Bf1
Nxe5 8. Rxe5 O-O 9. Nc3 Ne8 10. Nd5 Bd6 11. Re1 c6 12. Ne3 Be7 13. Nf5 Bg5
14. d3 Bxc1 15. Qxc1 d5 16. Ne7+ Kh8 17. Nxc8 Rxc8 18. g3 Nf6 19. c4 c5 20.
Qf4 b6 21. Rad1 Qc7 22. Qxc7 Rxc7 23. d4 cxd4 24. cxd5 Nxd5 25. Rxd4 Nf6
26. Rd6 Kg8 27. b3 Rfc8 28. Ba6 Rc1 29. Rdd1 Rxd1 30. Rxd1 Re8 31. Rc1 Kf8
32. Kg2 g5 33. Rc7 Re7 34. Rxe7 Kxe7 35. Kf3 Kd6 36. Bc4 a5 37. Bxf7 Ke5
38. a4 Kd4 39. Bc4 h6 40. h4 Ke5 41. hxg5 hxg5 42. Ke3 Ng4+ 43. Ke2 Kd4 44.
Bb5 Nf6 45. Kf3 Ke5 46. Ke3 Ng4+ 47. Ke2 Kd4 48. Bc6 Ne5 49. Bb5 Ng4 50. f3
Ne3 51. Bd3 Nd5 52. Kd2 Nf6 53. Bg6 Nd5 54. Bf7 Nf6 55. Ke2 Nd7 56. Bg8 Nc5
57. Kd2 Nd7 58. Bh7 Nf6 59. Bg6 Nd5 60. Ke2 Nc3+ 61. Kf2 Nd1+ 62. Ke1 Nc3
63. f4 gxf4 64. gxf4 b5 65. axb5 Nxb5 66. Kf2 Nc3 67. Kf3 a4 68. bxa4 Nxa4
69. Kg4 Nc3 70. Bf7 Ne2 71. f5 Ke5 72. Bc4 Ng3 73. Kg5 Nxf5 74. Bd5 Kxd5
75. Kxf5 1/2-1/2

[Event "U.S. Championship"]
[Site "Saint Louis USA"]
[Date "2022.10.11"]
[EventDate "2022.10.04"]
[Round "6"]
[Result "1/2-1/2"]
[White "W So"]
[Black "Dominguez Perez,L"]
[WhiteElo "2774"]
[BlackElo "2747"]
[PlyCount "80"]

1. c4 c5 2. g3 g6 3. Bg2 Bg7 4. Nc3 Nc6 5. a3 b6 6. Nf3 Bb7 7. O-O Nd4 8.
e4 Nxf3+ 9. Bxf3 d6 10. d3 e6 11. Be3 Ne7 12. Bg2 Nc6 13. Qd2 Nd4 14. Rab1
O-O 15. b4 Qd7 16. Ne2 Nxe2+ 17. Qxe2 cxb4 18. axb4 d5 19. exd5 exd5 20. c5
d4 21. Bxb7 Qxb7 22. Bf4 Rfe8 23. Qc2 Rac8 24. Bd6 Be5 25. Bxe5 Rxe5 26.
Rfe1 Rxe1+ 27. Rxe1 bxc5 28. bxc5 Qd5 29. Rc1 Rc6 30. Qc4 Qxc4 31. Rxc4 Kg7
32. Kg2 Kf6 33. Rxd4 Rxc5 34. Rd6+ Kg7 35. Ra6 Rd5 36. Rxa7 Rxd3 37. Rb7
Rc3 38. Ra7 Rd3 39. Rb7 Rc3 40. Ra7 Rd3 1/2-1/2

[Event "U.S. Championship"]
[Site "Saint Louis USA"]
[Date "2022.10.11"]
[EventDate "2022.10.04"]
[Round "6"]
[Result "1/2-1/2"]
[White "Awonder Liang"]
[Black "Christopher Woojin Yoo"]
[WhiteElo "2608"]
[BlackElo "2563"]
[PlyCount "94"]

1. e4 c5 2. Nf3 e6 3. d4 cxd4 4. Nxd4 Nc6 5. Nc3 Qc7 6. Be2 Nf6 7. Ndb5 Qb8
8. f4 d6 9. Be3 Be7 10. g4 h6 11. Nd4 Bd7 12. h4 Nxd4 13. Qxd4 b5 14. Rg1
b4 15. Nd1 d5 16. Nf2 dxe4 17. O-O-O Qb6 18. Nxe4 Qxd4 19. Rxd4 Nd5 20. Bd2
Bc6 21. f5 Bxh4 22. fxe6 fxe6 23. g5 hxg5 24. Bxg5 Bxg5+ 25. Nxg5 Ke7 26.
Bg4 e5 27. Rc4 Rh6 28. Re1 Rf8 29. Ne6 Bb5 30. Rc5 Rf1 31. Rxf1 Bxf1 32.
Rxd5 Bc4 33. Ra5 Bxe6 34. Rxa7+ Kf6 35. Ra6 Ke7 36. Ra7+ Kf6 37. Bxe6 Kxe6
38. Rxg7 Rh1+ 39. Kd2 Rh2+ 40. Kd3 e4+ 41. Kxe4 Rxc2 42. Kd4 Rxb2 43. Kc4
Rxa2 44. Kxb4 Rf2 45. Rh7 Rf7 46. Rh6+ Rf6 47. Rxf6+ Kxf6 1/2-1/2

[Event "U.S. Championship"]
[Site "Saint Louis USA"]
[Date "2022.10.11"]
[EventDate "2022.10.04"]
[Round "6"]
[Result "0-1"]
[White "L Aronian"]
[Black "D Swiercz"]
[WhiteElo "2755"]
[BlackElo "2652"]
[PlyCount "146"]

1. c4 e6 2. Nf3 d5 3. e3 Nf6 4. Nc3 c6 5. b3 Bd6 6. Bb2 O-O 7. Rc1 Nbd7 8.
h3 dxc4 9. Bxc4 b5 10. Bd3 Bb7 11. Ne4 Be7 12. h4 h6 13. Nfg5 c5 14. Qf3
Nxe4 15. Bxe4 Bxe4 16. Qxe4 Bxg5 17. hxg5 Qxg5 18. Rh3 e5 19. Rg3 Qh5 20.
Qc6 Rad8 21. Qxb5 Nf6 22. Qc6 Nd5 23. Qxc5 Rfe8 24. Rc4 Qh1+ 25. Ke2 Qb1
26. Qa3 Nf4+ 27. Rxf4 Qd3+ 28. Kf3 Qd5+ 29. Re4 f5 30. Bc3 Qxe4+ 31. Ke2 f4
32. Rf3 Qd3+ 33. Ke1 Qb1+ 34. Ke2 Qd3+ 35. Ke1 Rd7 36. Qa4 Qb1+ 37. Ke2
Qd3+ 38. Ke1 Kh7 39. Qc4 Qxc4 40. bxc4 g5 41. Rh3 Rc7 42. d3 Rc6 43. exf4
exf4+ 44. Kd1 Ra6 45. d4 Rxa2 46. c5 Rb8 47. Kc1 Rxf2 48. d5 g4 49. Rh1 g3
50. c6 f3 51. c7 Rc8 52. d6 fxg2 53. Rd1 Rf1 54. Bd4 h5 55. Kc2 h4 56. Bc5
Rf5 57. Bxa7 Kg6 58. Bb6 Rf7 59. Rd2 Kf5 60. Rxg2 Ke6 61. Bc5 Rfxc7 62.
dxc7 Rxc7 63. Kd3 Rxc5 64. Ke4 Rc4+ 65. Kf3 Kf5 66. Ra2 Rf4+ 67. Kg2 Kg4
68. Kh1 Rd4 69. Ra1 h3 70. Rb1 Kf3 71. Rb3+ Kf2 72. Rb2+ Ke3 73. Rb1 Ke2
0-1

[Event "U.S. Championship"]
[Site "Saint Louis USA"]
[Date "2022.10.11"]
[EventDate "2022.10.04"]
[Round "6"]
[Result "1/2-1/2"]
[White "Samuel Sevian"]
[Black "Jeffery Xiong"]
[WhiteElo "2684"]
[BlackElo "2690"]
[PlyCount "74"]

1. d4 Nf6 2. Nf3 d5 3. c4 e6 4. Nc3 c5 5. cxd5 cxd4 6. Qxd4 exd5 7. e4 dxe4
8. Qxd8+ Kxd8 9. Ng5 Be6 10. a3 Nbd7 11. Bf4 Bb3 12. Ngxe4 Rc8 13. Nxf6
Nxf6 14. Be2 Bc5 15. O-O Re8 16. Bf3 Re7 17. Rfe1 Rd7 18. Be5 Be7 19. Re3
Be6 20. Rae1 a6 21. h3 Bd6 22. Bxb7 Rxc3 23. Rxc3 Bxe5 24. Rxe5 Rxb7 25. b4
Rb5 26. Re1 a5 27. Rd1+ Nd5 28. bxa5 Rxa5 29. Rc4 Rxa3 30. Rc5 Ke7 31.
Rcxd5 Bxd5 32. Rxd5 Ra1+ 33. Kh2 Ra2 34. Kg1 Ra1+ 35. Kh2 Ra2 36. Kg1 Ra1+
37. Kh2 1/2-1/2

[Event "U.S. Championship"]
[Site "Saint Louis USA"]
[Date "2022.10.11"]
[EventDate "2022.10.04"]
[Round "6"]
[Result "0-1"]
[White "Hans Moke Niemann"]
[Black "R Robson"]
[WhiteElo "2699"]
[BlackElo "2690"]
[PlyCount "70"]

1. d4 Nf6 2. c4 e6 3. Bf4 d5 4. cxd5 Nxd5 5. Bg3 c5 6. e4 Nf6 7. Nd2 Nc6 8.
dxc5 Bxc5 9. e5 Nd5 10. Ngf3 O-O 11. a3 b6 12. Ne4 a5 13. Rc1 Nce7 14. Bd3
Ba6 15. Bxa6 Rxa6 16. O-O Qa8 17. Re1 Nf5 18. Nh4 Nxg3 19. hxg3 Be7 20. Qh5
b5 21. Nf3 Rc6 22. Rcd1 Rc2 23. b3 Ra2 24. Nd4 Rxa3 25. f4 Ra2 26. f5 Nc3
27. f6 Bxf6 28. Nxf6+ gxf6 29. Nf3 Nxd1 30. exf6 Kh8 31. Rxd1 Rg8 32. Kh2
Qe4 33. Rd7 Qe2 34. Qh3 Qxf3 35. Rxf7 Rxg2+ 0-1

[Event "U.S. Championship"]
[Site "Saint Louis USA"]
[Date "2022.10.11"]
[EventDate "2022.10.04"]
[Round "6"]
[Result "1/2-1/2"]
[White "A Lenderman"]
[Black "S Shankland"]
[WhiteElo "2535"]
[BlackElo "2712"]
[PlyCount "60"]

1. d4 d5 2. c4 e6 3. Nf3 Nf6 4. g3 Bb4+ 5. Bd2 Be7 6. Bg2 O-O 7. O-O c6 8.
Qc2 Nbd7 9. Bf4 a5 10. Rd1 h6 11. Ne5 Qb6 12. Be3 Qa6 13. Nd2 b5 14. Nxd7
Bxd7 15. c5 Be8 16. Bf4 Qa7 17. e4 g5 18. Be5 Ng4 19. Nf3 Nxe5 20. Nxe5 f6
21. Nxc6 Bxc6 22. exd5 Bxd5 23. Qg6+ Kh8 24. Qxh6+ Kg8 25. Qg6+ Kh8 26.
Bxd5 exd5 27. Qh6+ Kg8 28. Qg6+ Kh8 29. Qh6+ Kg8 30. Qg6+ Kh8 1/2-1/2

[Event "U.S. Championship"]
[Site "Saint Louis USA"]
[Date "2022.10.11"]
[EventDate "2022.10.04"]
[Round "6"]
[Result "0-1"]
[White "E Moradiabadi"]
[Black "F Caruana"]
[WhiteElo "2534"]
[BlackElo "2763"]
[PlyCount "88"]

1. e4 c5 2. Nf3 e6 3. d4 cxd4 4. Nxd4 Nc6 5. Nc3 a6 6. Bf4 d6 7. Bg3 Be7 8.
Be2 Bd7 9. Nb3 e5 10. Bg4 Bxg4 11. Qxg4 h5 12. Qh3 h4 13. f3 Bg5 14. O-O
Rh6 15. Bf2 Nf6 16. Rad1 Qc7 17. Nc1 Kf8 18. a3 Na5 19. Nd3 Nc4 20. Nb4 Qc8
21. Qxc8+ Rxc8 22. Na4 a5 23. Na2 Ne3 24. N2c3 Nxd1 25. Rxd1 Rc6 26. Kf1
Bf4 27. h3 Kg8 28. Bb6 Rg6 29. Bxa5 Be3 30. Rd3 Bd4 31. Bd8 b5 32. Bxf6
gxf6 33. Nd5 Rxc2 34. Ne7+ Kh7 35. Nxg6 Kxg6 36. Nc3 Rf2+ 37. Ke1 Rxb2 38.
Nd5 Bc5 39. f4 Rxg2 40. Ne7+ Kh5 41. fxe5 fxe5 42. Rf3 Rg3 43. Rf5+ Kh6 44.
Rf6+ Kg7 0-1

[Event "U.S. Championship"]
[Site "Saint Louis USA"]
[Date "2022.10.12"]
[EventDate "2022.10.04"]
[Round "7"]
[Result "1/2-1/2"]
[White "S Shankland"]
[Black "Samuel Sevian"]
[WhiteElo "2712"]
[BlackElo "2684"]
[PlyCount "104"]

1. e4 e5 2. Nf3 Nc6 3. Bb5 a6 4. Ba4 Nf6 5. O-O Nxe4 6. d4 b5 7. Bb3 d5 8.
dxe5 Be6 9. Nbd2 Be7 10. c3 O-O 11. Bc2 f5 12. Nb3 Qd7 13. Nfd4 Nxd4 14.
Nxd4 c5 15. Nxe6 Qxe6 16. f3 Ng5 17. Bf4 Rad8 18. Kh1 Kh8 19. Qd2 h6 20. h4
Nh7 21. Bg3 d4 22. cxd4 Rxd4 23. Qe1 h5 24. Bf2 Rd5 25. f4 c4 26. Qe2 g6
27. Rfd1 Rfd8 28. Rxd5 Rxd5 29. a4 Nf8 30. axb5 axb5 31. Kh2 Rd7 32. Rd1
Qc6 33. Rxd7 Qxd7 34. g3 Ne6 35. Be3 Kg7 36. b3 c3 37. Bd3 Nd4 38. Bxd4
Qxd4 39. Bc2 Bc5 40. Kh3 Qd5 41. Qg2 Qd7 42. Qf3 b4 43. Bd3 Be7 44. Bc2 Qd2
45. Bd3 c2 46. Qb7 c1=Q 47. Qxe7+ Kh6 48. Qf8+ Kh7 49. Qe7+ Kh6 50. Qf8+
Kh7 51. Qe7+ Kh6 52. Qf8+ 1/2-1/2

[Event "U.S. Championship"]
[Site "Saint Louis USA"]
[Date "2022.10.12"]
[EventDate "2022.10.04"]
[Round "7"]
[Result "1-0"]
[White "R Robson"]
[Black "W So"]
[WhiteElo "2690"]
[BlackElo "2774"]
[PlyCount "70"]

1. d4 Nf6 2. c4 e6 3. Nc3 Bb4 4. e3 O-O 5. Nf3 Bxc3+ 6. bxc3 d6 7. Bd3 e5
8. e4 Re8 9. O-O exd4 10. cxd4 Nxe4 11. Re1 Nf6 12. Rxe8+ Qxe8 13. h3 Nbd7
14. Qc2 b6 15. Bb2 Bb7 16. d5 Qf8 17. g4 h6 18. Kh2 c6 19. g5 hxg5 20. Nxg5
cxd5 21. Bh7+ Kh8 22. Bf5 Ne5 23. f4 Ng6 24. Bxf6 gxf6 25. Nxf7+ Qxf7 26.
Bxg6 Qe7 27. Qf2 f5 28. Rg1 Rg8 29. Rg5 Rg7 30. Qh4+ Kg8 31. Qh5 Bc8 32.
cxd5 a5 33. Qh6 b5 34. Bh7+ Kf8 35. Rg2 1-0

[Event "U.S. Championship"]
[Site "Saint Louis USA"]
[Date "2022.10.12"]
[EventDate "2022.10.04"]
[Round "7"]
[Result "1-0"]
[White "F Caruana"]
[Black "A Lenderman"]
[WhiteElo "2763"]
[BlackElo "2535"]
[PlyCount "102"]

1. c4 c6 2. d4 d5 3. Nf3 Nf6 4. Qc2 dxc4 5. e4 b5 6. b3 cxb3 7. axb3 e6 8.
Bd3 a6 9. O-O Be7 10. Nc3 Bb7 11. Rd1 h6 12. Qe2 Nbd7 13. e5 Nd5 14. Nxd5
cxd5 15. Ne1 Qb6 16. Qg4 g6 17. Bd2 b4 18. Be3 a5 19. Qe2 Kf8 20. g3 Ba6
21. h4 h5 22. Nf3 Kg7 23. Bg5 Rhe8 24. Rdc1 Bxd3 25. Qxd3 Bxg5 26. Nxg5
Rac8 27. Kg2 f6 28. exf6+ Nxf6 29. Qe2 Kg8 30. Rxc8 Rxc8 31. Rxa5 Re8 32.
Ra6 Qxd4 33. Rxe6 Rf8 34. Qc2 Ne4 35. Rxg6+ Kh8 36. Rh6+ Kg8 37. Nxe4 dxe4
38. Rxh5 Qf6 39. Rg5+ Kh8 40. Qe2 Qf3+ 41. Qxf3 exf3+ 42. Kh3 Rc8 43. Rg4
Rc2 44. Rxb4 Rxf2 45. Kg4 Rf1 46. Rb7 Kg8 47. b4 Kh8 48. b5 Kg8 49. b6 Kh8
50. Rb8+ Kg7 51. b7 1-0